000
00259nam a2200097Ia 4500
001
904500
005
20250826184933.0
008
250824s9999 xx 000 0 und d
245
0
_a
BAŞLANGIÇLARIN SONSUZ MUTLULUĞU
_c
AYKUT ERTUĞRUL
260
_b
KETEBE YAYINLARI
999
_c
904500
_d
904500